00450nam a2200181Ia 4500008004100000020001800041050001400059100001700073245003600090245004300126260001500169260001600184260000900200300001400209300002700223300001000250500000800260170918s9999 xx 000 0 und d a9780439632409 bW873 1985 aWood, Audrey aKing Bidgood's in the bathtub / cAudrey Wood ; illustrated by Don Wood. aNew York : bScholastic, c1985 aunpaged : bcolored illustration ; c27cm. a310